000 00909nam a2200265 i 4500
003 DO-SdBNP
005 20230908092004.0
007 ta
008 211028e2012 dr ||||grc||| 00| 0 spa d
040 _aDO-SdBNP
_bspa
_cBNPHU
_erda
082 4 _222
_bC357s
_axxxx
245 0 0 _aCatálogo Santuario 2011 /
264 1 _aSanto Domingo :
_bSantuario,
_c[2012]
300 _a38 páginas
_c23 cm.
336 _2rdacontent
_atexto
_btxt
337 _2rdamedia
_asin mediación
_bn
338 _2rdacarrier
_avolumen
_bnc
500 _a¡Impulsando la educación dominicana! edición, promoción y distribución de libros.
590 _aInventariado 2023/ YL
610 2 4 _977042
_aSantuario
_xCatálogo
_zSanto Domingo (República Dominicana)
650 4 _921358
_aCatálogos de editores
_vLibros
_zRepública Dominicana
650 4 _921360
_aReseña de libros
_vCatálogos
910 _aYLockward
942 _2ddc
_cLF2
999 _c54650
_d54650